| 000 | 00000nam 2200000zi 4500 |
| 001 | 9.894869 |
| 003 | CaOODSP |
| 005 | 20250403110351 |
| 006 | m o d f |
| 007 | cr |n |||||||| |
| 008 | 201222e198401##oncd |os|||f001 0|fre d |
| 040 | |aCaOODSP|bfre|erda|cCaOODSP |
| 041 | |afre|aeng |
| 043 | |an-cn--- |
| 086 | 1 |aCS81-569/1984-PDF |
| 245 | 00|aEducation statistics for the seventies, 1979 / |cStatistics Canada, Education, Culture and Tourism Division, Projections and Analysis Section = Les statistiques sur l'éducation pour les années soixante-dix, 1979 / Statistique Canada, Division de l'éducation, de la culture et du tourisme, Section des projections et de l'analyse. |
| 246 | 11|aStatistiques sur l'éducation pour les années soixante-dix, 1979 |
| 264 | 1|a[Ottawa] : |bStatistique Canada = Statistics Canada, |cjanvier 1984. |
| 264 | 4|c©1984 |
| 300 | |a1 ressource en ligne (xxvii, 453 pages) |
| 336 | |atexte|btxt|2rdacontent/fre |
| 337 | |ainformatique|bc|2rdamedia/fre |
| 338 | |aressource en ligne|bcr|2rdacarrier/fre |
| 500 | |aComprend des index et des tableaux. |
| 500 | |aEn grande partie des tableaux. |
| 500 | |a«Les statistiques de l'éducation pour les années 70 complètent le Recueil de statistiques de l'éducation (no. 81-568 au catalogue) publié en mai 1978» -- Avant-propos. |
| 500 | |aÉdition numérisée de l'imprimé [par Statistique Canada]. |
| 546 | |aTexte en français et en anglais. |
| 650 | 6|aÉducation|zCanada|vStatistiques. |
| 655 | 7|aStatistiques|2rvmgf |
| 710 | 2 |aStatistique Canada. |
| 791 | |tEducation statistics for the seventies, 1979 / |eeng|w(CaOODSP)9.894867 |
| 856 | 40|qPDF|s122.93 Mo|uhttps://publications.gc.ca/collections/collection_2020/statcan/CS81-569-1984.pdf |